[Event "Medellin de La Raza U2000 op"]
[Site "Medellin"]
[Date "2023.10.13"]
[Round "3"]
[White "Rueda Diaz, Pablo"]
[Black "Barajas Hernandez, Nestor Giovany"]
[Result "1-0"]
[WhiteElo "1423"]
[BlackElo "1110"]
[PlyCount "71"]
[EventDate "2023.10.12"]
[EventType "swiss"]
[EventRounds "9"]
[EventCountry "COL"]
[SourceTitle "Mega2024 Update 01"]
[Source "Chessbase"]
[SourceDate "2023.11.12"]
[SourceVersion "1"]
[SourceVersionDate "2023.11.12"]
[SourceQuality "1"]

1. e4 c5 2. Nc3 e6 3. f4 d6 4. Nf3 a6 5. d4 cxd4 6. Nxd4 Nd7 7. f5 Nc5 8. Qf3 e5 9. Nb3 Nf6 10. Bg5 Be7 11. Rd1 Qc7 12. Bxf6 Bxf6 13. Nd5 Qd8 14. Nxc5 dxc5 15. Qc3 b6 16. b4 0-0 17. bxc5 bxc5 18. Qxc5 Bb7 19. Nb6 Qe7 20. Qxe7 Bxe7 21. Nxa8 Bxa8 22. Bd3 Bb4+ 23. Ke2 a5 24. Rb1 Bc6 25. c3 Be7 26. Rb6 Rc8 27. Rhb1 h5 28. Rb8 Rd8 29. Rxd8+ Bxd8 30. Rb8 Kf8 31. Rxd8+ Ke7 32. Rh8 g6 33. fxg6 fxg6 34. Rh7+ Kf6 35. Ra7 a4 36. Ra6 1-0

[Event "Pereira Fiestas de la Cosecha op"]
[Site "Pereira"]
[Date "2023.08.25"]
[Round "2"]
[White "Rodriguez Lara, Laura Sofia"]
[Black "Rueda Diaz, Pablo"]
[Result "0-1"]
[WhiteElo "1181"]
[BlackElo "1428"]
[PlyCount "62"]
[EventDate "2023.08.24"]
[EventType "swiss"]
[EventRounds "7"]
[EventCountry "COL"]
[SourceTitle "EXT 2024"]
[Source "ChessBase"]
[SourceDate "2023.10.10"]
[SourceVersion "1"]
[SourceVersionDate "2023.10.10"]
[SourceQuality "1"]

1. e4 e5 2. Nf3 Nc6 3. Bc4 Bc5 4. 0-0 Nf6 5. d4 Nxd4 6. Nxe5 Ne6 7. Nc3 d6 8. Nf3 0-0 9. Qd3 a6 10. Nd5 c6 11. Ne3 Nf4 12. Qb3 Nxe4 13. Bd3 Nxd3 14. Qxd3 d5 15. c4 Nf6 16. cxd5 Nxd5 17. Rd1 Be6 18. Nxd5 Qxd5 19. Qe2 Qh5 20. Be3 Bxe3 21. Qxe3 Bg4 22. Rd3 Bxf3 23. gxf3 Rfe8 24. Qd2 h6 25. Rd1 Re6 26. Kh1 Rae8 27. Qc3 Qe5 28. R1d2 Qe1+ 29. Kg2 Rg6+ 30. Kh3 Qf1+ 31. Kh4 Qg1 0-1

[Event "Medellin Easter op 11th"]
[Site "Medellin"]
[Date "2023.04.07"]
[Round "4"]
[White "Tangarife Garcia, Wilson"]
[Black "Rueda Diaz, Pablo"]
[Result "0-1"]
[WhiteElo "1743"]
[BlackElo "1270"]
[PlyCount "50"]
[EventDate "2023.04.05"]
[EventType "swiss"]
[EventRounds "7"]
[EventCountry "COL"]
[SourceTitle "CBM 213 Extra"]
[Source "ChessBase"]
[SourceDate "2023.05.31"]
[SourceVersion "1"]
[SourceVersionDate "2023.05.31"]
[SourceQuality "1"]

1. d4 d5 2. c4 e6 3. Nf3 Nf6 4. Nc3 Nbd7 5. Bg5 Be7 6. e3 0-0 7. Bd3 c6 8. 0-0 Nh5 9. Ne5 Nxe5 10. Bxh7+ Kxh7 11. Qxh5+ Kg8 12. f4 Ng6 13. Rf3 Bxg5 14. fxg5 e5 15. g4 exd4 16. Rh3 Re8 17. Rf1 Qd6 18. Qh7+ Kf8 19. Rxf7+ Kxf7 20. Rf3+ Ke7 21. Qxg7+ Kd8 22. Rf6 Qe7 23. Qxg6 Qxe3+ 24. Kg2 Qe4+ 25. Kg3 Qxg4+ 0-1